000 00324nam a22001217a 4500
020 _aNA
082 _222
_a620.120
100 _aHibbeler Russell e.
245 _aMechanics for engineers /
260 _aMacmillan Publishing company,
_bMacmillan Publishing company,
_cc1985.
300 _a393 p, ;
_bNA
_c24cm.
942 _2ddc
_cMEC
999 _c2907
_d2907